| 000 | 00990nam a2200253Ia 4500 | ||
|---|---|---|---|
| 003 | OSt | ||
| 005 | 20220923210954.0 | ||
| 006 | a|||||r|||| 00| 0 | ||
| 007 | ta | ||
| 008 | 220922b |||||||| |||| 00| 0 hin d | ||
| 020 | _a8126312655 (pbk) | ||
| 024 | _a235,585 | ||
| 037 | _cTextual | ||
| 040 |
_aARTS _cARTS _bhin |
||
| 041 |
_2hin _ahin |
||
| 082 | _aP152,7, P7 | ||
| 100 |
_aसुबोध, माधुरी; राजेन्द्र गौतम; प्रभात रंजन; रमेश गौतम, संपा. _9156696 |
||
| 245 | 0 | _aरचनात्मक लेखन | |
| 246 | _aRachanātmak lekhana | ||
| 260 |
_aदिल्ली _b भारतीय ज्ञानपीठ _c2007 |
||
| 300 |
_a284पृ. _ccm. |
||
| 942 |
_hP152,7, P7 _cTEXL _2CC |
||
| 999 |
_c293337 _d293337 |
||